[Event "Brasilia FBX 50"]
[Site "Brasilia"]
[Date "2015.09.05"]
[Round "2"]
[White "Garonzi, Martino"]
[Black "Moraes Silva, Carlos Alessandro"]
[Result "1-0"]
[WhiteElo "1995"]
[BlackElo "1765"]
[PlyCount "55"]
[EventDate "2015.09.05"]
[EventType "swiss"]
[EventRounds "6"]
[EventCountry "BRA"]
[SourceTitle "EXT 2016"]
[Source "ChessBase"]
[SourceDate "2015.10.08"]
[SourceVersion "1"]
[SourceVersionDate "2015.10.08"]
[SourceQuality "1"]

1. e4 e5 2. f4 d5 3. exd5 c6 4. dxc6 Nxc6 5. d3 exf4 6. Nf3 Bc5 7. Nc3 Nf6 8. Bxf4 0-0 9. Qd2 Re8+ 10. Be2 Ng4 11. Ne4 Qb6 12. Nxc5 Qxc5 13. d4 Qb5 14. c3 Bf5 15. Ne5 Qb6 16. Nxc6 Qxc6 17. 0-0 Rad8 18. Bf3 Qd7 19. Rae1 b6 20. h3 Nf6 21. Be5 Ne4 22. Qf4 Nf6 23. Bxf6 gxf6 24. Bh5 Rxe1 25. Rxe1 Be6 26. Qxf6 Qd5 27. Rxe6 fxe6 28. Bf7+ 1-0

[Event "Brasilia FBX 50"]
[Site "Brasilia"]
[Date "2015.09.05"]
[Round "6"]
[White "Maciel, Diogo Alves"]
[Black "Garonzi, Martino"]
[Result "0-1"]
[WhiteElo "1849"]
[BlackElo "1995"]
[PlyCount "58"]
[EventDate "2015.09.05"]
[EventType "swiss"]
[EventRounds "6"]
[EventCountry "BRA"]
[SourceTitle "EXT 2016"]
[Source "ChessBase"]
[SourceDate "2015.10.08"]
[SourceVersion "1"]
[SourceVersionDate "2015.10.08"]
[SourceQuality "1"]

1. d4 Nf6 2. Nf3 g6 3. g3 Bg7 4. Bg2 0-0 5. c3 d6 6. 0-0 c6 7. Nbd2 Nbd7 8. e4 e5 9. Re1 Qc7 10. a4 a5 11. b3 Re8 12. Bb2 b5 13. Qc2 Ba6 14. Rac1 Rab8 15. Bf1 d5 16. dxe5 Nxe4 17. Nxe4 dxe4 18. Qxe4 Nxe5 19. Nxe5 Bxe5 20. f4 Bf6 21. Qxe8+ Rxe8 22. Rxe8+ Kg7 23. Ba3 Qb6+ 24. Kh1 b4 25. Bxa6 bxa3 26. Bc4 Qf2 27. Re2 Qf3+ 28. Kg1 Bxc3 29. Rd1 a2 0-1

[Event "Mogliano Veneto op-A 34th"]
[Site "Mogliano Veneto"]
[Date "2013.04.28"]
[Round "5"]
[White "Klundt, Klaus"]
[Black "Garonzi, Martino"]
[Result "1-0"]
[WhiteElo "2351"]
[BlackElo "2011"]
[PlyCount "99"]
[EventDate "2013.04.25"]
[EventType "swiss"]
[EventRounds "6"]
[EventCountry "ITA"]
[SourceTitle "EXT 2015"]
[Source "ChessBase"]
[SourceDate "2014.11.20"]
[SourceVersion "1"]
[SourceVersionDate "2014.11.20"]
[SourceQuality "1"]

1. e4 c5 2. Nf3 d6 3. d4 cxd4 4. Nxd4 Nf6 5. Nc3 g6 6. Bc4 Bg7 7. h3 0-0 8. Bb3 Nc6 9. Be3 Bd7 10. 0-0 Nxd4 11. Bxd4 b5 12. f4 b4 13. Nd5 Nxd5 14. Bxd5 Rc8 15. Rf2 a5 16. Bxg7 Kxg7 17. Qd4+ f6 18. a3 e6 19. Bb7 Rb8 20. Ba6 Qb6 21. Qxb6 Rxb6 22. Bc4 Rc8 23. b3 a4 24. axb4 Rxb4 25. Rd2 Rb6 26. Bf1 axb3 27. cxb3 Rc7 28. Bc4 f5 29. Rad1 Rcc6 30. Ra2 Rc7 31. Ra6 Rxa6 32. Bxa6 Rc6 33. Bb5 Rc7 34. Bxd7 Rxd7 35. e5 d5 36. b4 Rb7 37. Rb1 g5 38. Kf2 Kg6 39. Kf3 Rb5 40. g3 Kh5 41. Ke3 Kg6 42. Rb2 Kh5 43. Rb3 Kg6 44. Kd2 gxf4 45. gxf4 Kh5 46. Kc2 Kh4 47. Kb2 d4 48. Ka3 Rd5 49. Rd3 Rd8 50. b5 1-0

[Event "Mogliano Veneto op-A 34th"]
[Site "Mogliano Veneto"]
[Date "2013.04.26"]
[Round "3"]
[White "Ceschia, Ivano"]
[Black "Garonzi, Martino"]
[Result "0-1"]
[WhiteElo "2272"]
[BlackElo "2011"]
[PlyCount "56"]
[EventDate "2013.04.25"]
[EventType "swiss"]
[EventRounds "6"]
[EventCountry "ITA"]
[SourceTitle "EXT 2015"]
[Source "ChessBase"]
[SourceDate "2014.11.20"]
[SourceVersion "1"]
[SourceVersionDate "2014.11.20"]
[SourceQuality "1"]

1. e4 c5 2. Nf3 d6 3. d4 cxd4 4. Qxd4 Nc6 5. Bb5 Bd7 6. Bxc6 Bxc6 7. Nc3 e5 8. Qd3 Nf6 9. Bg5 h6 10. Bxf6 Qxf6 11. Nd5 Qd8 12. 0-0-0 Rc8 13. Kb1 Be7 14. Rhe1 Bxd5 15. Qxd5 Rc6 16. Re2 0-0 17. Ne1 Qc7 18. Nd3 a5 19. b3 Rc3 20. Nb2 Rc5 21. Qd3 b5 22. c4 Rc8 23. a4 bxc4 24. Nxc4 Rb8 25. Ka2 Qb7 26. Rc2 Qb4 27. Ne3 d5 28. Nxd5 Rxd5 0-1

[Event "Mogliano Veneto op-A 34th"]
[Site "Mogliano Veneto"]
[Date "2013.04.25"]
[Round "2"]
[White "Sorbera, Giovanni"]
[Black "Garonzi, Martino"]
[Result "1-0"]
[WhiteElo "2168"]
[BlackElo "2011"]
[PlyCount "93"]
[EventDate "2013.04.25"]
[EventType "swiss"]
[EventRounds "6"]
[EventCountry "ITA"]
[SourceTitle "EXT 2015"]
[Source "ChessBase"]
[SourceDate "2014.11.20"]
[SourceVersion "1"]
[SourceVersionDate "2014.11.20"]
[SourceQuality "1"]

1. e4 c5 2. Nf3 Nc6 3. Bb5 d6 4. Nc3 Bd7 5. b3 Nf6 6. Bb2 e6 7. Qe2 Be7 8. e5 Nxe5 9. Nxe5 dxe5 10. Qxe5 a6 11. Bxd7+ Qxd7 12. 0-0-0 0-0 13. h4 Qd6 14. Qe2 Rfe8 15. h5 h6 16. g4 Qf4 17. f3 Nd5 18. Kb1 Nxc3+ 19. dxc3 Rad8 20. Bc1 Qc7 21. f4 Rxd1 22. Rxd1 Rd8 23. Rg1 c4 24. b4 a5 25. a3 axb4 26. axb4 Ra8 27. Qe3 b5 28. Bb2 Bd6 29. Qe4 Rd8 30. Bc1 Qa7 31. Rd1 Ra8 32. Bb2 Bf8 33. Qc6 Qa6 34. Qxa6 Rxa6 35. Rd8 Rb6 36. Bc1 f6 37. Be3 Rd6 38. Rb8 Rd1+ 39. Kb2 Kf7 40. Rxb5 Re1 41. Bc5 Bxc5 42. Rxc5 e5 43. fxe5 fxe5 44. b5 Rd1 45. Rxe5 Rd6 46. Rc5 Rb6 47. Ka3 1-0

[Event "Condino op 12th"]
[Site "Condino"]
[Date "2012.07.28"]
[Round "7"]
[White "De Santis, Alessio"]
[Black "Garonzi, Martino"]
[Result "1/2-1/2"]
[WhiteElo "2349"]
[BlackElo "2025"]
[PlyCount "61"]
[EventDate "2012.07.22"]
[EventType "swiss"]
[EventRounds "7"]
[EventCountry "ITA"]
[SourceTitle "CBM 149 Extra"]
[Source "ChessBase"]
[SourceDate "2012.08.24"]
[SourceVersion "1"]
[SourceVersionDate "2012.08.24"]
[SourceQuality "1"]

1. d4 Nf6 2. c4 g6 3. Nc3 Bg7 4. e4 d6 5. Nf3 0-0 6. h3 e5 7. d5 Ne8 8. g4 a5 9. Rg1 Na6 10. Bd3 Nc5 11. Bc2 c6 12. Be3 cxd5 13. Nxd5 Bd7 14. a4 Rc8 15. b3 Bc6 16. Nd2 Nc7 17. Nxc7 Qxc7 18. Rc1 Qe7 19. Kf1 Rfd8 20. Rg3 Kh8 21. Qe1 Bf6 22. Rd1 Bh4 23. Rf3 Rf8 24. Bxc5 dxc5 25. Re3 Bg5 26. Re2 b6 27. Nb1 h5 28. Nc3 hxg4 29. hxg4 Bf4 30. f3 Kg7 31. Rg2 1/2-1/2

[Event "Condino op 12th"]
[Site "Condino"]
[Date "2012.07.24"]
[Round "3"]
[White "Pedrotti, Luciano"]
[Black "Garonzi, Martino"]
[Result "0-1"]
[WhiteElo "1812"]
[BlackElo "2025"]
[PlyCount "64"]
[EventDate "2012.07.22"]
[EventType "swiss"]
[EventRounds "7"]
[EventCountry "ITA"]
[SourceTitle "CBM 149 Extra"]
[Source "ChessBase"]
[SourceDate "2012.08.24"]
[SourceVersion "1"]
[SourceVersionDate "2012.08.24"]
[SourceQuality "1"]

1. e4 c5 2. Nf3 Nc6 3. d4 cxd4 4. Nxd4 Nf6 5. Nxc6 bxc6 6. Bd3 g6 7. 0-0 Bg7 8. Nd2 0-0 9. c3 d6 10. Nb3 c5 11. e5 Ng4 12. exd6 exd6 13. Be2 Ne5 14. Bf4 a5 15. Bxe5 Bxe5 16. Bf3 Rb8 17. Bd5 a4 18. Nd2 Ba6 19. Re1 Rxb2 20. Qc1 a3 21. Nf3 Qf6 22. c4 Bd4 23. Rf1 Bc8 24. Qd1 Bc3 25. Qd3 Re8 26. Ng5 Rd2 27. Ne4 Rxe4 28. Qxe4 Bxa1 29. Qe8+ Kg7 30. Qxc8 Bd4 31. Qh3 Rxf2 32. g3 Rxf1+ 0-1

[Event "Condino op 11th"]
[Site "Condino"]
[Date "2011.07.27"]
[Round "5"]
[White "Stoppa, Omar"]
[Black "Garonzi, Martino"]
[Result "1-0"]
[WhiteElo "2286"]
[BlackElo "2002"]
[PlyCount "87"]
[EventDate "2011.07.25"]
[EventType "swiss"]
[EventRounds "7"]
[EventCountry "ITA"]
[SourceTitle "EXT 2012"]
[Source "ChessBase"]
[SourceDate "2011.11.24"]
[SourceVersion "1"]
[SourceVersionDate "2011.11.24"]
[SourceQuality "1"]

1. e4 c5 2. b4 d6 3. bxc5 dxc5 4. Nc3 Nc6 5. Rb1 e6 6. Nf3 Nf6 7. Bc4 a6 8. a4 Bd6 9. 0-0 0-0 10. h3 Qc7 11. d3 h6 12. Qe2 Bd7 13. Nd1 Ne5 14. Nxe5 Bxe5 15. a5 Qxa5 16. Rxb7 Rfb8 17. Rb3 Rxb3 18. Bxb3 Rb8 19. Ne3 Bb5 20. Bc4 Bd4 21. Bd2 Bc3 22. Bxc3 Qxc3 23. Rb1 Nd7 24. Qe1 Qxe1+ 25. Rxe1 Bxc4 26. Nxc4 Rb4 27. Ra1 Nb6 28. Nxb6 Rxb6 29. Ra5 Rc6 30. Kf1 e5 31. h4 f6 32. h5 c4 33. Ke2 Kf7 34. g4 Ke6 35. dxc4 Kd6 36. Kd3 Kc7 37. c5 Kd7 38. Kc4 Ke6 39. Ra3 Kd7 40. Kd5 Kc7 41. c4 Kd7 42. Rb3 Kc7 43. Rb8 Kd7 44. Rd8+ 1-0

[Event "Condino op 11th"]
[Site "Condino"]
[Date "2011.07.25"]
[Round "2"]
[White "De Santis, Alessio"]
[Black "Garonzi, Martino"]
[Result "1/2-1/2"]
[WhiteElo "2305"]
[BlackElo "2002"]
[PlyCount "84"]
[EventDate "2011.07.25"]
[EventType "swiss"]
[EventRounds "7"]
[EventCountry "ITA"]
[SourceTitle "EXT 2012"]
[Source "ChessBase"]
[SourceDate "2011.11.24"]
[SourceVersion "1"]
[SourceVersionDate "2011.11.24"]
[SourceQuality "1"]

1. d4 Nf6 2. Bg5 g6 3. Bxf6 exf6 4. e3 Bg7 5. Nf3 0-0 6. Nbd2 f5 7. g3 d6 8. Bg2 Nd7 9. 0-0 Nf6 10. c4 Re8 11. b4 Ne4 12. a4 c5 13. a5 Be6 14. a6 b6 15. Rc1 Rc8 16. d5 Bd7 17. b5 Nc3 18. Qe1 Qf6 19. Kh1 Na2 20. Rb1 Nb4 21. Rb3 Re7 22. Qb1 Rce8 23. Rxb4 cxb4 24. Qxb4 f4 25. gxf4 Qb2 26. Qxb2 Bxb2 27. Rb1 Bf6 28. e4 Rxe4 29. Nxe4 Rxe4 30. Ne5 Bf5 31. Bxe4 Bxe4+ 32. f3 Bxb1 33. Nc6 Kg7 34. Nxa7 Bf5 35. Nc6 Bc8 36. Na7 Bd7 37. Nc6 Bc8 38. Kg2 Kf8 39. Na7 Bd7 40. Nc6 Bc8 41. Na7 Bd7 42. Nc6 Bc8 1/2-1/2

[Event "Condino op"]
[Site "Condino"]
[Date "2010.07.29"]
[Round "6"]
[White "Oppici, Gabriele"]
[Black "Garonzi, Martino"]
[Result "1-0"]
[WhiteElo "2010"]
[BlackElo "2055"]
[PlyCount "73"]
[EventDate "2010.07.26"]
[EventType "swiss"]
[EventRounds "7"]
[EventCountry "ITA"]
[SourceTitle "CBM 137 Extra"]
[Source "ChessBase"]
[SourceDate "2010.09.01"]
[SourceVersion "1"]
[SourceVersionDate "2010.09.01"]
[SourceQuality "1"]

1. d4 Nf6 2. Bf4 d5 3. Nf3 e6 4. e3 Bd6 5. Bg3 0-0 6. Nbd2 c5 7. c3 b6 8. a4 Bb7 9. Bd3 Nc6 10. Ne5 Bxe5 11. dxe5 Nd7 12. f4 f5 13. exf6 Nxf6 14. Bh4 e5 15. 0-0 e4 16. Be2 Ne7 17. Qb3 Kh8 18. Rfd1 Qc7 19. Qc2 Nf5 20. Bf2 Rac8 21. g4 Nd6 22. Nf1 c4 23. g5 Nd7 24. Bg4 g6 25. Ng3 Nf5 26. Ne2 Nc5 27. Rab1 Rce8 28. Nd4 Nxd4 29. cxd4 Nd3 30. Bg3 Qe7 31. b3 Ba6 32. bxc4 Bxc4 33. h4 Qa3 34. h5 Qa2 35. Qc3 Rf7 36. Ra1 Qb2 37. Rxd3 1-0

[Event "Condino op"]
[Site "Condino"]
[Date "2010.07.26"]
[Round "2"]
[White "Trifoni, Giorgio"]
[Black "Garonzi, Martino"]
[Result "0-1"]
[WhiteElo "1699"]
[BlackElo "2055"]
[PlyCount "116"]
[EventDate "2010.07.26"]
[EventType "swiss"]
[EventRounds "7"]
[EventCountry "ITA"]
[SourceTitle "CBM 137 Extra"]
[Source "ChessBase"]
[SourceDate "2010.09.01"]
[SourceVersion "1"]
[SourceVersionDate "2010.09.01"]
[SourceQuality "1"]

1. Nf3 Nf6 2. g3 d6 3. Bg2 g6 4. b3 Bg7 5. Bb2 0-0 6. d3 c5 7. 0-0 Nc6 8. c4 e5 9. Nc3 a6 10. a3 Rb8 11. Nd2 Qc7 12. Nde4 Nxe4 13. Bxe4 Be6 14. Bd5 Bxd5 15. Nxd5 Qd8 16. Qd2 Ne7 17. Nxe7+ Qxe7 18. e4 f5 19. f4 exf4 20. Bxg7 Qxg7 21. Qxf4 Qd4+ 22. Kg2 Qxd3 23. Rad1 Qxe4+ 24. Qxe4 fxe4 25. Rxd6 Rbd8 26. Rxf8+ Rxf8 27. Re6 Rf3 28. Rb6 Kf7 29. Rxb7+ Ke6 30. b4 Rxa3 31. bxc5 Ra4 32. Rb6+ Ke5 33. c6 Rxc4 34. Rxa6 Rc2+ 35. Kg1 Kd4 36. Ra4+ Ke3 37. Ra3+ Ke2 38. Ra4 Kf3 39. Ra1 Rxc6 40. Rf1+ Ke2 41. Rf2+ Ke3 42. Kg2 Rd6 43. Rf7 Kd2 44. Rf2+ Kd3 45. Ra2 e3 46. Ra3+ Ke2 47. Ra7 Ke1 48. Rxh7 e2 49. Re7 Kd2 50. h4 e1Q 51. Rxe1 Kxe1 52. Kf3 Rf6+ 53. Ke4 Kf2 54. g4 Kg3 55. Ke5 Rf8 56. h5 gxh5 57. gxh5 Rh8 58. Kf6 Rxh5 0-1

[Event "Padova op-A 12th"]
[Site "Padova"]
[Date "2009.12.14"]
[Round "2.10"]
[White "Garonzi, Martino"]
[Black "Efimov, Igor"]
[Result "0-1"]
[WhiteElo "2028"]
[BlackElo "2435"]
[PlyCount "52"]
[EventDate "2009.12.13"]
[EventType "swiss"]
[EventRounds "9"]
[EventCountry "ITA"]
[SourceTitle "EXT 2024"]
[Source "ChessBase"]
[SourceDate "2023.10.10"]
[SourceVersion "1"]
[SourceVersionDate "2023.10.10"]
[SourceQuality "1"]

1. e4 c5 2. Nf3 e6 3. d4 cxd4 4. Nxd4 a6 5. Nc3 Qc7 6. Be3 Nf6 7. Bd3 Bb4 8. Bd2 Nc6 9. Nb3 Ne5 10. Qe2 b5 11. a4 bxa4 12. Rxa4 Nxd3+ 13. Qxd3 Be7 14. 0-0 0-0 15. f4 d6 16. f5 Rb8 17. Bg5 h6 18. Bf4 Kh8 19. Qh3 Nh7 20. Bxh6 gxh6 21. f6 Bxf6 22. Rxf6 Nxf6 23. e5 Nh7 24. Qxh6 f5 25. exd6 Qxd6 26. Rd4 Qe7 0-1

[Event "Verona op 15th"]
[Site "Verona"]
[Date "2009.04.12"]
[Round "8"]
[White "Panjkovic, Aleksandar"]
[Black "Garonzi, Martino"]
[Result "1/2-1/2"]
[WhiteElo "2118"]
[BlackElo "2029"]
[PlyCount "129"]
[EventDate "2009.04.07"]
[EventType "swiss"]
[EventRounds "9"]
[EventCountry "ITA"]
[SourceTitle "CBM 129 Extra"]
[Source "ChessBase"]
[SourceDate "2009.05.05"]
[SourceVersion "2"]
[SourceVersionDate "2009.05.20"]
[SourceQuality "1"]

1. Nf3 Nf6 2. b3 d5 3. d4 Bf5 4. Nh4 e6 5. Nxf5 exf5 6. Qd3 Nc6 7. a3 Bd6 8. g3 0-0 9. Bh3 Re8 10. Ra2 Qe7 11. c4 Qe4 12. Qxe4 Nxe4 13. c5 Bf8 14. f3 Nf6 15. Rd2 g6 16. Rd3 h6 17. b4 Bg7 18. Kf2 Nh7 19. Rhd1 Ng5 20. Bg2 Ne6 21. e3 Rad8 22. Nc3 Kh7 23. f4 Ne7 24. a4 c6 25. b5 Ng8 26. Ba3 Nf6 27. h3 Nc7 28. Rb1 Ne4+ 29. Nxe4 dxe4 30. Rdb3 cxb5 31. axb5 Nd5 32. Bf1 g5 33. Bc4 gxf4 34. gxf4 Bf6 35. Bxd5 Rxd5 36. b6 Bh4+ 37. Kf1 Ra8 38. c6 bxc6 39. b7 Rb8 40. Bc5 Rxc5 41. dxc5 Be7 42. Rc1 Kg6 43. Rd1 Bxc5 44. Rc1 Bb6 45. Rxc6+ Kh5 46. Rcxb6 axb6 47. Rxb6 f6 48. Kg2 Kg6 49. Kg3 Kf7 50. Rb5 Kg7 51. Kf2 Kg6 52. Ke1 Kh5 53. Rxf5+ Kh4 54. Rxf6 Rxb7 55. Rxh6+ Kg3 56. Kd2 Kf3 57. Rd6 Rh7 58. f5 Rxh3 59. f6 Rh2+ 60. Kc3 Kxe3 61. f7 Rf2 62. Rd7 Rf3 63. Re7 Kf2+ 64. Kd4 e3 65. Rxe3 1/2-1/2

[Event "Arco op 30th"]
[Site "Arco"]
[Date "2008.10.25"]
[Round "8"]
[White "Garonzi, Martino"]
[Black "Trauth, Michael"]
[Result "0-1"]
[WhiteElo "2008"]
[BlackElo "2165"]
[PlyCount "68"]
[EventDate "2008.10.18"]
[EventType "swiss"]
[EventRounds "9"]
[EventCountry "ITA"]
[SourceTitle "CBM 127 Extra"]
[Source "ChessBase"]
[SourceDate "2009.01.08"]
[SourceVersion "2"]
[SourceVersionDate "2009.01.28"]
[SourceQuality "1"]

1. e4 c5 2. Nf3 Nc6 3. d4 cxd4 4. Nxd4 Nf6 5. Nc3 g6 6. Be3 Bg7 7. Bc4 0-0 8. f3 Qb6 9. Qd2 Nxe4 10. fxe4 Bxd4 11. Bxd4 Qxd4 12. Qxd4 Nxd4 13. 0-0-0 Nc6 14. Nd5 Kg7 15. Bb5 Rb8 16. h4 a6 17. Bxc6 dxc6 18. Nb6 Bg4 19. Rd3 Rfd8 20. Kd2 Rxd3+ 21. cxd3 Rd8 22. Ke3 e5 23. Nc4 f6 24. Na5 Rd7 25. Rc1 Be6 26. Nc4 Bxc4 27. Rxc4 Kf7 28. g4 Ke6 29. b3 h5 30. gxh5 gxh5 31. Rc2 Rg7 32. Rf2 Rg3+ 33. Ke2 Rh3 34. Rg2 Kf7 0-1

[Event "Arco op 30th"]
[Site "Arco"]
[Date "2008.10.23"]
[Round "6"]
[White "Garonzi, Martino"]
[Black "Ager, Josef"]
[Result "0-1"]
[WhiteElo "2008"]
[BlackElo "2231"]
[PlyCount "146"]
[EventDate "2008.10.18"]
[EventType "swiss"]
[EventRounds "9"]
[EventCountry "ITA"]
[SourceTitle "CBM 127 Extra"]
[Source "ChessBase"]
[SourceDate "2009.01.08"]
[SourceVersion "2"]
[SourceVersionDate "2009.01.28"]
[SourceQuality "1"]

1. e4 g6 2. d4 Bg7 3. Nf3 c6 4. Nc3 d6 5. Be3 Nd7 6. Qd2 Qc7 7. 0-0-0 b5 8. Bd3 a5 9. h4 h6 10. Rhe1 Nb6 11. e5 d5 12. e6 Bxe6 13. Bf4 Qc8 14. Ne5 b4 15. Nb1 Bf5 16. Qe2 Bxd3 17. Rxd3 Nd7 18. Rf3 Nxe5 19. Bxe5 Kf8 20. Bxg7+ Kxg7 21. Qe5+ f6 22. Qe6 Qxe6 23. Rxe6 Rc8 24. Nd2 a4 25. a3 Kf7 26. Rfe3 bxa3 27. bxa3 h5 28. Nb1 Rc7 29. Nc3 Nh6 30. Nxa4 Nf5 31. Re1 Nxd4 32. R6e3 e5 33. g3 Ra8 34. Nb2 Nb5 35. a4 Nd6 36. Kd2 c5 37. Ra3 c4 38. c3 Rb7 39. Kc2 Ra5 40. Re2 Ne4 41. Rxe4 Rxb2+ 42. Kxb2 dxe4 43. Kc2 f5 44. Kd2 f4 45. Ra2 Ke6 46. Ke2 Kf5 47. Kf1 e3 48. gxf4 Kxf4 49. fxe3+ Kxe3 50. Rg2 Ra6 51. Ke1 e4 52. Rg3+ Kf4 53. Kf2 Rxa4 54. Rxg6 Ra2+ 55. Kf1 Rc2 56. Rg5 Rxc3 57. Rxh5 Rh3 58. Ke2 Rh2+ 59. Kd1 Ke3 60. Rc5 Kd4 61. Rh5 Kc3 62. Rh8 Kd3 63. Rd8+ Ke3 64. Rh8 Rh1+ 65. Kc2 Ke2 66. h5 e3 67. h6 Ke1 68. h7 e2 69. Kc3 Rh4 70. Kc2 Rh2 71. Kc1 Kf2 72. Rf8+ Ke3 73. Re8+ Kd3 0-1

[Event "Orsay op"]
[Site "Orsay"]
[Date "2008.03.03"]
[Round "1"]
[White "Jaouen, Alain"]
[Black "Garonzi, Martino"]
[Result "0-1"]
[WhiteElo "1499"]
[BlackElo "1977"]
[PlyCount "63"]
[EventDate "2008.03.06"]
[EventType "swiss"]
[EventRounds "7"]
[EventCountry "FRA"]
[SourceTitle "EXT 2010"]
[Source "ChessBase"]
[SourceDate "2010.11.25"]
[SourceVersion "1"]
[SourceVersionDate "2010.11.25"]
[SourceQuality "1"]

1. c4 Nf6 2. Nc3 d6 3. d4 g6 4. e4 Bg7 5. f4 0-0 6. e5 Nfd7 7. Nf3 c5 8. e6 fxe6 9. dxc5 Nxc5 10. Be2 Qb6 11. Qc2 Nc6 12. Be3 Bd7 13. h4 e5 14. Nd5 Qa5+ 15. Bd2 Qd8 16. h5 Bf5 17. Qc1 e6 18. Nc3 Nd4 19. Nxd4 exd4 20. Nd1 e5 21. Nf2 e4 22. g4 e3 23. gxf5 exf2+ 24. Kxf2 Ne4+ 25. Kf3 d5 26. hxg6 hxg6 27. fxg6 Qg5 28. Qe1 Rae8 29. Rg1 Qf5 30. Rc1 Nxd2+ 31. Qxd2 Re3+ 32. Kf2 0-1